Statistiques concernant 2 films, 1 acteur #1

Cliquez ici pour prendre le quiz!

Statistiques générales

  • Ce quiz a été pris 231 fois
    (199 depuis la dernière actualisation)
  • Le résultat moyen est 19 sur 49

Statistiques - réponses

Premier rôleSecond rôleRéponse% Correct
TitanicGilbert GrapeLeonardo Di Caprio
99%
Iron manZodiacRobert Downey Jr
83%
Je suis une légendeAladdinWill Smith
83%
SevenOnce Upon a Time... in HollywoodBrad Pitt
81%
ScarfaceLe parrainAl Pacino
76%
JokerGladiatorJoaquin Phoenix
70%
Edward aux mains d'argentInto the WoodsJohnny Depp
68%
Cloud atlasArrête-moi si tu peuxTom Hanks
66%
Taxi DriverLe Parrain 2Robert De Niro
59%
Batman BeginsPublic EnemiesChristian Bale
56%
Will HuntingOcean's ElevenMatt Damon
56%
Doctor Strange1917Benedict Cumberbatch
54%
AmistadLes ÉvadésMorgan Freeman
53%
DriveThe Big Short : Le Casse du siècleRyan Gosling
53%
La Fureur de vivreGéantJames Dean
52%
Le Silence des agneauxLe BountyAnthony Hopkins
50%
Le Secret de Brokeback MountainThe Dark KnightHeath Ledger
48%
Django UnchainedAliJamie Foxx
46%
InterstellarContactMatthew McConaughey
44%
Le PianisteLa ligne rougeAdrian Brody
40%
Rain manPapillonDustin Hoffman
36%
127 heuresSpider-ManJames Franco
34%
La Fièvre du samedi soirSavagesJohn Travolta
34%
À la poursuite du diamant vertAnt-ManMichael Douglas
34%
American beautyUsual SuspectsKevin Spacey
33%
Black PantherLe Blues de Ma RaineyChadwick Boseman
32%
Malcolm XPhiladelphiaDenzel Washington
32%
No Country for Old MenMen in blackTommy Lee Jones
31%
Le Discours d’un roiLe Journal de Bridget JonesColin Firth
30%
Happiness TherapyJoyBradley Cooper
29%
ChinatownLes InfiltrésJack Nicholson
29%
Harvey MilkL'ImpasseSean Penn
27%
A History of ViolenceLe Seigneur des anneaux : La Communauté de l'anneauViggo Mortensen
26%
AnnetteStar Wars : Le Réveil de la ForceAdam Driver
25%
There will be bloodGangs of New YorkDaniel Day-Lewis
25%
DraculaLéonGary Oldman
24%
Vicky Cristina BarcelonaSkyfallJavier Bardem
24%
Un homme d'exceptionL.A. ConfidentialRussell Crowe
22%
Les IncorruptiblesMan of SteelKevin Costner
20%
L'Homme qui murmurait à l'oreille des chevauxButch Cassidy et le KidRobert Redford
19%
ShamePrometheusMichael Fassbender
18%
Le Dernier Tango à ParisThe BraveMarlon Brando
17%
DémineursMission impossible : Protocole FantômeJeremy Renner
15%
Les désaxésAutant en emporte le ventClark Gable
11%
Le Mystère von BülowL'homme au masque de ferJeremy Irons
9%
L'ArnaqueLa Chatte sur un toit brûlantPaul Newman
9%
La Dernière Tentation du ChristNymphomaniacWillem Dafoe
9%
French ConnectionSupermanGene Hackman
8%
Twelve Years a Slave2012Chiwetel Ejiofor
5%

Distribution des résultats

Percentile par nombre de réponses

% des personnes avec chaque résultat

Votre développement - résultats

Vous n’avez pas pris ce quiz depuis la dernière actualisation